| 000 | 01297nam a22003617a 4500 | ||
|---|---|---|---|
| 003 | CHAP | ||
| 005 | 20220329135607.0 | ||
| 008 | 971013s1985 r 00010 d | ||
| 010 | _a39027 | ||
| 011 | _a39999 | ||
| 035 | _a44124 | ||
| 040 | _cCHAP | ||
| 090 | _aFolleto 10222 | ||
| 100 | 0 | 0 |
_aEsqueda Esquivel, Valentín Alberto. _938135 |
| 245 | 1 | 0 | _aDaños y control de las malas hierbas en el cultivo del arroz de temporal en el centro del estado de Veracruz y norte de Oaxaca |
| 260 |
_aMéxico, D. F. : _bINIA, _c1985 |
||
| 300 |
_a60 p. _b; gráfs. ; mapas |
||
| 490 |
_aINIA. México. Folleto de investigación _v; 65 |
||
| 590 |
_aBATCH-UPD _b10 _c20130110 _lUCH01 _h1308 |
||
| 590 |
_aBATCH-UPD _b10 _c20130410 _lUCH01 _h0823 |
||
| 590 |
_aBATCH-UPD _b10 _c20130914 _lUCH01 _h2010 |
||
| 590 |
_aCONVERSION _b10 _c20130109 _lUCH01 _h1322 |
||
| 650 | 1 | 4 |
_aArroz _xMalas hierbas. _97629 |
| 650 | 1 | 4 |
_aArroz _xOaxaca. _97640 |
| 650 | 1 | 4 |
_aArroz _xVeracruz. _97672 |
| 650 | 1 | 4 |
_aMalas hierbas _xControl. _970011 |
| 700 | 0 |
_aAcosta Nunez, Sebastian. _9681 |
|
| 830 | 0 |
_aINIA. México. Folleto de investigación _v; 65 _958592 |
|
| 901 | _aBK | ||
| 942 | _cFOLL | ||
| 949 |
_aFolleto 10222 _bBC _cFOLL _d-100994 _eTS1 _i44124 _mD _si |
||
| 949 |
_aFolleto 10222 _bBC _cFOLL _d-100995 _eTS2 _fc.2 _i44124 _si |
||
| 999 |
_c39027 _d39027 |
||